| 000 | 00490nam a22001697a 4500 | ||
|---|---|---|---|
| 003 | 1 | ||
| 005 | 20220513131904.0 | ||
| 008 | 220513b xxu||||| |||| 00| 0 eng d | ||
| 020 | _a978-621-04-0019-9 | ||
| 050 |
_aLB1775 _b.P334 2019 |
||
| 100 | _aPawilen,Greg T. | ||
| 245 |
_aTeaching ptofessin: _bpassion and mission/ _cGreg T. Pawilen |
||
| 260 |
_aManila: _bRex Book Store,Inc. _cc2019 |
||
| 300 |
_a147 pp. _c25 cm. _eIncludes index. |
||
| 500 | _aEducation-teaching. | ||
| 942 |
_2lcc _cBK |
||
| 999 |
_c364730 _d364730 |
||